Cours de physique a l'usage des classes de lettres (Record no. 53942)

MARC details
000 -LEADER
campo de control de longitud fija 00548nam a22001575i 4500
001 - NÚMERO DE CONTROL
campo de control 53942
003 - IDENTIFICADOR DE NÚMERO DE CONTROL
campo de control ES-MaACL
007 - CAMPO FIJO DE DESCRIPCIÓN FÍSICA--INFORMACIÓN GENERAL
campo de control de longitud fija t|
008 - DATOS DE LONGITUD FIJA--INFORMACIÓN GENERAL
campo de control de longitud fija 960710s1882 fr a ||||1| fre d
040 ## - FUENTE DE CATALOGACIÓN
Centro catalogador/agencia de origen CAM
Lengua de catalogación spa
Centro/agencia transcriptor CAM
100 1# - ENTRADA PRINCIPAL--NOMBRE DE PERSONA
Nombre de persona Fernet, E.
9 (RLIN) 50211
245 10 - MENCIÓN DEL TÍTULO
Título Cours de physique a l'usage des classes de lettres
Resto del título : classe de rhéthorique (programmes d'Aoút 1880); magnétisme, électricité /
Mención de responsabilidad, etc. par E. Fernet.
260 ## - PUBLICACIÓN, DISTRIBUCIÓN, ETC.
Lugar de publicación, distribución, etc. Paris :
Nombre del editor, distribuidor, etc. G. Masson, éditeur,
Fecha de publicación, distribución, etc. 1882 (
Fabricante Imp. A. Lahure)
300 ## - DESCRIPCIÓN FÍSICA
Extensión [4], 192 p. :
Otras características físicas il. ;
Dimensiones 19 cm.
852 ## - LOCALIZACIÓN
Ubicación ES-MaACL
Número de control de estantería G-1337
Holdings
Estatus retirado Estado de pérdida Estado de daño No para préstamo Colección Biblioteca de origen Biblioteca actual Ubicación en estantería Fecha de adquisición Fuente de adquisición Total de préstamos Signatura topográfica completa Código de barras Visto por última vez Precio de reemplazo Tipo de ítem Koha
        Libros del s. XIX Biblioteca del Ateneo de Madrid Biblioteca del Ateneo de Madrid Depósito 2 17/01/2008     G-1337 1056691 23/02/2023 23/02/2023 Libro impreso antiguo